| 000 | 00499nam a2200169Ia 4500 | ||
|---|---|---|---|
| 008 | 230917s9999||||xx |||||||||||||| ||und|| | ||
| 020 | _cRS 700.00 | ||
| 040 |
_e5015239 _aMAIN |
||
| 041 | _aEnglish | ||
| 082 | _a780.954 S64T | ||
| 100 | _aSingh, Nivedita | ||
| 245 | 0 | _aTradition of Hindustani music: A sociological approach | |
| 260 |
_aNew Delhi _bKanishka Publishers, Distributors _c2017 |
||
| 300 | _axiii, 247 p. | ||
| 500 | _a4584 17/10/2022 HBD22/9426 19/10/2022 Main Budget | ||
| 942 | _cBK | ||
| 999 |
_c5909 _d5909 |
||